Les villes de France de plus de 50 000 habitants - Statistiques

Statistiques générales
  • Ce quiz a été pris 271 fois
    267 depuis la dernière actualisation
  • Le résultat moyen est 84 sur 129
Statistiques - réponses
Ville Population % Correct
Paris 2 175 601
99%
Marseille 868 277
98%
Nice 341 032
98%
Bordeaux 257 068
97%
Lille 233 098
97%
Lyon 518 635
97%
Toulouse 486 828
97%
Rennes 217 728
95%
Strasbourg 284 677
95%
Montpellier 290 053
94%
Nantes 314 138
94%
Saint-Étienne 173 089
94%
Grenoble 157 650
92%
Toulon 176 198
92%
Dijon 156 854
91%
Brest 139 602
90%
Caen 105 512
89%
Clermont-Ferrand 146 734
89%
Le Havre 169 733
89%
Saint-Denis 112 091 | 150 535
89%
Nancy 104 885
88%
Rouen 111 360
88%
Angers 154 508
87%
Amiens 133 891
86%
Annecy 128 199
86%
Nîmes 149 633
86%
Orléans 116 238
86%
Perpignan 119 188
86%
Tours 136 463
86%
Metz 116 581
85%
Reims 182 211
85%
Cannes 73 965
84%
Le Mans 143 252
84%
Dunkerque 86 865
83%
La Roche-sur-Yon 54 766
83%
Poitiers 88 665
83%
Limoges 131 479
82%
Quimper 63 166
82%
Versailles 85 205
82%
Aix-en-Provence 143 097
81%
Calais 72 929
81%
Vannes 53 438
81%
Villeurbanne 150 659
81%
Mulhouse 108 942
80%
Valence 64 726
80%
Avignon 91 729
78%
Besançon 116 775
78%
La Rochelle 76 114
78%
Lorient 57 084
78%
Pau 76 275
78%
Roubaix 98 089
78%
Chambéry 58 833
77%
Troyes 61 996
77%
Ajaccio 70 817
76%
Colmar 68 703
75%
Cherbourg-en-Cotentin 79 144
74%
Niort 59 059
74%
Bourges 64 668
73%
Saint-Nazaire 70 619
73%
Évry-Courcouronnes 67 131
72%
Tourcoing 97 442
72%
Nanterre 96 807
71%
Beauvais 56 605
70%
Bayonne 51 411
69%
Béziers 77 599
69%
Créteil 92 265
68%
Fort-de-France 78 126
67%
Boulogne-Billancourt 121 334
66%
Narbonne 55 375
65%
Cayenne 63 652
64%
Antibes 72 915
63%
Montauban 60 952
63%
Montreuil 109 914
63%
Argenteuil 110 213
62%
Cergy 66 322
61%
Arles 51 031
60%
Hyères 55 069
60%
Saint-Quentin 53 856
58%
Neuilly-sur-Seine 59 940
57%
Aubervilliers 87 572
56%
Issy-les-Moulineaux 68 260
56%
Vénissieux 67 129
55%
Bobigny 54 272
54%
Levallois-Perret 65 817
54%
Saint-Pierre 84 961
54%
Mérignac 70 813
53%
Mamoudzou 71 437
52%
Saint-Paul 103 492
52%
Fréjus 53 786
51%
Cholet 54 186
50%
Pessac 64 374
50%
Meaux 55 416
49%
Sarcelles 58 811
48%
Clichy 62 485
46%
Villeneuve-d'Ascq 62 727
46%
Antony 62 858
45%
Aulnay-sous-Bois 86 278
45%
Ivry-sur-Seine 63 309
45%
Le Tampon 79 385
44%
La Seyne-sur-Mer 62 888
43%
Drancy 72 109
42%
Rueil-Malmaison 77 986
42%
Colombes 86 052
41%
Courbevoie 82 198
41%
Vitry-sur-Seine 94 649
40%
Pantin 59 060
39%
Massy 50 632
38%
Saint-Ouen-sur-Seine 50 670
36%
Asnières-sur-Seine 85 946
35%
Bondy 54 055
35%
Champigny-sur-Marne 77 039
35%
Saint-Maur-des-Fossés 75 298
35%
Noisy-le-Grand 68 126
34%
Villejuif 54 964
34%
Cagnes-sur-Mer 51 411
32%
Les Abymes 53 082
32%
Vaulx-en-Velin 50 823
32%
Sevran 51 225
30%
Chelles 55 148
29%
Clamart 52 926
28%
Corbeil-Essonnes 50 954
27%
Le Blanc-Mesnil 57 150
27%
Maisons-Alfort 55 899
26%
Saint-André 56 747
25%
Sartrouville 52 269
23%
Épinay-sur-Seine 54 771
22%
Saint-Louis 53 589
21%
Fontenay-sous-Bois 52 256
18%
Aucun quiz correspondant
Distribution des résultats
% des personnes avec chaque résultat
Percentile par nombre de réponses
Votre historique - résultats
Vous n’avez pas pris ce quiz depuis la dernière actualisation